000 00655nam a2200241 i 4500
001 C2-0300570
003 PPAK
005 20180728082052.0
008 091111s2007 my |||| ||||| | may d
020 _a9789833171507
040 _aPPAK
_beng
_cPPAK
_erda
082 0 4 _a297.3822
_223
090 0 0 _a297.3822
_bKEA
_dG
245 0 0 _aKeajaiban solat subuh
264 1 _aKuala Lumpur :
_bProgressive Publishing House ,
_c2007
300 _avi, 162 pages ;
_c19 cm
336 _2rdacontent
_atext
337 _2rdamedia
_aunmediated
338 _2rdacarrier
_avolume
650 1 0 _aPrayer Islam.
700 0 _aYahya Nuryadi,
_ecompile
942 _ddc
_cB
999 _c104445
_d104445